| 000 | 00349nam a22001097a 4500 | ||
|---|---|---|---|
| 082 |
_a342.5491082 _bALI |
||
| 100 | _aChaudary, Muhammad Imran-ul-Haq | ||
| 245 |
_aA Manual on NADRA Laws alongwith citizenship laws / _cMuhammad Imran-ul-Haq Chaudary |
||
| 260 |
_aLahore: _bAl-Haq Law Book House, _c2022. |
||
| 300 | _a854p. ; | ||
| 942 |
_2ddc _cBK |
||
| 999 |
_c613194 _d613194 |
||